000 00296nam a22001337a 4500
008 170606b xxu||||| |||| 00| 0 eng d
020 _a9780807848241
041 _aeng
080 _a94
100 _a18
101 _aSHH
245 _aMAKING DEMOCRACY WORK BETTER
_cCOUTO,R.A
942 _2udc
_cBK
999 _c16098
_d16098